| 000 | 00653nam a2200205 i 4500 | ||
|---|---|---|---|
| 001 | 90886 | ||
| 003 | ES-MaACL | ||
| 005 | 20230906180603.0 | ||
| 007 | t| | ||
| 008 | 050125s1965 sp ||||1| spa d | ||
| 100 | 1 |
_aLe Lionnais, François. _970897 |
|
| 245 | 1 | 0 |
_aPremios de belleza en ajedrez / _cF. Le Lionnais ; [versión española de Javier Fabregas]. |
| 250 | _a[1ª ed.]. | ||
| 260 |
_aBarcelona : _bBruguera, _c[1965] |
||
| 300 |
_a772 p. : _bil. ; _c21 cm. |
||
| 650 | 4 |
_aAjedrez- _xColecciones de partidas. _9168421 |
|
| 700 | 1 |
_aFàbregas, Xavier. _948556 |
|
| 852 |
_aES-MaACL _jC-26772 _bR.55841 |
||
| 852 |
_aES-MaACL _jC-27657 _bR.56270 |
||
| 999 |
_c90886 _d90886 |
||